Pakistan and Asean (Record no. 26954)
[ view plain ]
| 000 -LEADER | |
|---|---|
| fixed length control field | 00304nam a22001217a 4500 |
| 020 ## - INTERNATIONAL STANDARD BOOK NUMBER | |
| ISBN | 9789351133162 |
| 082 ## - DEWEY DECIMAL CLASSIFICATION NUMBER | |
| Classification number | 327.10954910 |
| Item number | KAU-P |
| 100 ## - MAIN ENTRY--AUTHOR NAME | |
| Personal name | Kaur, Gurmeet |
| 245 ## - TITLE STATEMENT | |
| Title | Pakistan and Asean |
| Statement of responsibility, etc | / Gurmeet Kaur |
| 260 ## - PUBLICATION, DISTRIBUTION, ETC. (IMPRINT) | |
| Place of publication | Chandigarh |
| Name of publisher | Unistar Books Pvt. Ltd |
| Year of publication | 2013 |
| 300 ## - PHYSICAL DESCRIPTION | |
| Number of Pages | 264p |
| 942 ## - ADDED ENTRY ELEMENTS (KOHA) | |
| Source of classification or shelving scheme | Dewey Decimal Classification |
| Koha item type | Books |
| Withdrawn status | Lost status | Damaged status | Not for loan | Home library | Current library | Date acquired | Source of acquisition | Cost, normal purchase price | Full call number | Accession Number | Price effective from | Koha item type |
|---|---|---|---|---|---|---|---|---|---|---|---|---|
| NASSDOC Library | NASSDOC Library | 01/12/2021 | Gratis | 0.00 | 327.10954910 KAU-P | 51812 | 01/12/2021 | Books |
